书目信息 |
| 题名: |
摄影技术
|
|
| 作者: | 孔繁根 编 | |
| 分册: | ||
| 出版信息: | 太原 山西人民出版社 1979 |
|
| 页数: | 295页 | |
| 开本: | 19cm | |
| 丛书名: | ||
| 单 册: | ||
| 中图分类: | TB89 | |
| 科图分类: | ||
| 主题词: | 摄影技术 , 摄影--应用 | |
| 电子资源: | ||
| ISBN: | ||
| 000 | 00583nam0 2200229 45 | |
| 001 | 0179008416 | |
| 005 | 20060421092317.57 | |
| 010 | @dCNY1.96 | |
| 091 | @a15088.99 | |
| 100 | @a19950801d1979 em y0chiy0121 ea | |
| 101 | 0 | @achi |
| 102 | @aCN@b140000 | |
| 105 | @ay z 000yy | |
| 200 | 10 | @a摄影技术@Ashe ying ji shu@f孔繁根编@Fkong fan gen bian |
| 210 | @a太原@c山西人民出版社@d1979 | |
| 215 | @a295页@d19cm | |
| 606 | @a摄影技术 | |
| 606 | 0 | @a摄影@x应用 |
| 690 | @aTB89 | |
| 701 | 0 | @a孔繁根@Akong fan gen@4编 |
| 801 | 0 | @aCN@bNLC@c20060421 |
| 905 | @f1@b53989@dTB89@e24 | |
| 摄影技术/孔繁根编.-太原:山西人民出版社,1979 |
| 295页;19cm |
| ISBN :CNY1.96 |
| ● |
| 相关链接 |
|
|
|
|
正题名:摄影技术
索取号:TB89/24
 
预约/预借
| 序号 | 登录号 | 条形码 | 馆藏地/架位号 | 状态 | 备注 |
| 1 | 0053989 | 001360057 | 第二样本阅览室/ [索取号:TB89/24] | 在馆 | |
| 2 | 0053990 | 202245579 | 密集书库/ [索取号:TB89/24] | 在馆 |